MARC details
| 000 -LEADER |
| fixed length control field |
02938cam a22003854a 4500 |
| 005 - DATE AND TIME OF LATEST TRANSACTION |
| control field |
20260322212032.0 |
| 008 - FIXED-LENGTH DATA ELEMENTS--GENERAL INFORMATION |
| fixed length control field |
data |
| 010 ## - LIBRARY OF CONGRESS CONTROL NUMBER |
| LC control number |
2009010391 |
| 020 ## - INTERNATIONAL STANDARD BOOK NUMBER |
| International Standard Book Number |
9781433805615 (softcover) |
| 020 ## - INTERNATIONAL STANDARD BOOK NUMBER |
| International Standard Book Number |
1433805618 (softcover) |
| 020 ## - INTERNATIONAL STANDARD BOOK NUMBER |
| International Standard Book Number |
9781433805592 (hardcover) |
| 020 ## - INTERNATIONAL STANDARD BOOK NUMBER |
| International Standard Book Number |
1433805596 (hardcover) |
| 020 ## - INTERNATIONAL STANDARD BOOK NUMBER |
| International Standard Book Number |
9781433805622 (spiral bound) |
| 020 ## - INTERNATIONAL STANDARD BOOK NUMBER |
| International Standard Book Number |
1433805626 (spiral bound) |
| 040 ## - CATALOGING SOURCE |
| Original cataloging agency |
DLC |
| Transcribing agency |
DLC |
| Modifying agency |
WS7 |
| -- |
NDD |
| -- |
FER |
| -- |
EMM |
| -- |
CDX |
| -- |
BWX |
| -- |
EDK |
| -- |
NLGGC |
| -- |
WS7 |
| 041 09 - LANGUAGE CODE |
| Language code of text/sound track or separate title |
eng |
| 042 ## - AUTHENTICATION CODE |
| Authentication code |
nlmcopyc |
| -- |
nlmcopyc |
| 044 ## - COUNTRY OF PUBLISHING/PRODUCING ENTITY CODE |
| -- |
United States |
| 050 00 - LIBRARY OF CONGRESS CALL NUMBER |
| Classification number |
BF76.7 |
| Item number |
.P83 2010 |
| 060 10 - NATIONAL LIBRARY OF MEDICINE CALL NUMBER |
| Classification number |
WZ 345 |
| Item number |
P976 2010 |
| -- |
HonorHlth |
| 082 00 - DEWEY DECIMAL CLASSIFICATION NUMBER |
| Classification number |
808/.06615 |
| Edition information |
22 |
| 092 ## - LOCALLY ASSIGNED DEWEY CALL NUMBER (OCLC) |
| Classification number |
808.06 Pub 2010 |
| 001 - CONTROL NUMBER |
| control field |
data |
| 245 10 - TITLE STATEMENT |
| Title |
Publication manual of the American Psychological Association / |
| 250 ## - EDITION STATEMENT |
| Edition statement |
6th ed. |
| 260 ## - PUBLICATION, DISTRIBUTION, ETC. |
| Place of publication, distribution, etc. |
Washington, DC : |
| Name of publisher, distributor, etc. |
American Psychological Association, |
| Date of publication, distribution, etc. |
c2010. |
| 300 ## - PHYSICAL DESCRIPTION |
| Extent |
xviii, 272 p. : |
| Other physical details |
ill. ; |
| Dimensions |
26 cm. |
| 504 ## - BIBLIOGRAPHY, ETC. NOTE |
| Bibliography, etc. note |
Includes bibliographical references and index. |
| 520 ## - SUMMARY, ETC. |
| Summary, etc. |
From the Publisher: With millions of copies sold, the Publication Manual of the American Psychological Association is the style manual of choice for writers, editors, students, educators, and professionals in psychology, sociology, business, economics, nursing, social work, and justice administration, and other disciplines in which effective communication with words and data is fundamental. In addition to providing clear guidance on grammar, the mechanics of writing, and APA style, the Publication Manual offers an authoritative and easy-to-use reference and citation system and comprehensive coverage of the treatment of numbers, metrication, statistical and mathematical data, tables, and figures for use in writing, reports, or presentations. The new edition has been revised and updated to include: The latest guidelines and examples for referencing electronic and online sources; New and revised guidelines for submitting papers electronically; Improved guidelines for avoiding plagiarism; Simplified formatting guidelines for writers using up-to-date word-processing software; All new guidelines for presenting case studies; Improved guidelines for the construction of tables; Updates on copyright and permissions issues for writers. New reference examples for audiovisual media and patents; An expanded and improved index for quick and easy access; Writers, scholars, and professionals will also find: New guidelines on how to choose text, tables, or figures to present data; Guidelines for writing cover letters for submitting articles for publication, plus a sample letter; Expanded guidelines on the retention of raw data; New advice on establishing written agreements for the use of shared data; New information on the responsibilities of co-authors. |
| 650 #2 - SUBJECT ADDED ENTRY--TOPICAL TERM |
| Topical term or geographic name entry element |
Writing |
| 650 #2 - SUBJECT ADDED ENTRY--TOPICAL TERM |
| Topical term or geographic name entry element |
Journalism, Medical |
| 650 #2 - SUBJECT ADDED ENTRY--TOPICAL TERM |
| Topical term or geographic name entry element |
Authorship |
| 720 2# - ADDED ENTRY--UNCONTROLLED NAME |
| Name |
American Psychological Association. |
| 994 ## - |
| -- |
CDN |
| -- |
20090813 |